Mengenal Ilmu Pemerintahan (Record no. 18595)

000 -LEADER
fixed length control field 00376nam a2200133Ia 4500
084 ## - OTHER CLASSIFICATION OF CALL NUMBER
Call Number (Nomor Katalog) 1128-0056 SUR Gov Bo
100 ## - MAIN ENTRY--AUTHOR NAME
Personal name (Pengarang) Bayu Surianingrat
245 #0 - TITLE STATEMENT
Sub Title (Anak Judul) Mengenal Ilmu Pemerintahan
260 ## - PUBLICATION, DISTRIBUTION, ETC. (IMPRINT)
Place of publication (Tempat Terbit/Kota) Jakarta
Name of publisher (Nama Penerbit) Rineka Cipta
300 ## - PHYSICAL DESCRIPTION
Number of Pages (Jumlah Halaman) i-1 + 99 hlm
650 ## - SUBJECT ADDED ENTRY--TOPICAL TERM
Topical Term (Topik 1) Government (Pemerintahan)
Relator term (Topik 2) G-O-V
Chronological subdivision (Topik 5) Ilmu Pemerintahan
942 ## - ADDED ENTRY ELEMENTS (KOHA)
Koha item type Books (Buku)
Holdings
Withdrawn status Lost status Damaged status Not for loan Permanent Location (Lokasi Permanen) Current Location (Lokasi Sekarang) Shelving location (Lokasi Rak) Date acquired Cost, normal purchase price (Harga Buku) Full call number (Nomor Katalog) Barcode Price effective from Koha item type (Jenis Koleksi)
        MAP Library MAP Library Bookshelf 03/26/2022 8.00 1128-0056 SUR Gov Bo 11280056 03/26/2022 Books (Buku)